El cine como arte
Sparad:
| Huvudupphovsman: | |
|---|---|
| Materialtyp: | Bok |
| Språk: | spanska |
| Publicerad: |
Buenos Aires
Infinito
1971
|
| Serie: | Biblioteca de Diseño y Artes Visuales, 8
|
| Ämnen: | |
| Taggar: |
Lägg till en tagg
Inga taggar, Lägg till första taggen!
|
MARC
| LEADER | 00000nam a2200000 a 4500 | ||
|---|---|---|---|
| 001 | UCO4969 | ||
| 003 | CL-VaPUC | ||
| 008 | 000825e19710000AG |||||||||||||||||spa|d | ||
| 082 | 0 | 4 | |a 791.43 |b ARN |2 21 |
| 100 | 0 | |a Arnheim, Rudolf |e author |9 449678 | |
| 245 | 1 | 3 | |a El cine como arte |
| 300 | |a 190 p | ||
| 942 | |c BK | ||
| 945 | |d 20000825 00:00:00 |a crobeson | ||
| 260 | |a Buenos Aires |b Infinito |c 1971 | ||
| 650 | 0 | |a Cine |9 225706 | |
| 650 | 0 | |a Artes escénicas |9 318853 | |
| 650 | 0 | |a Medios de comunicación de masas |9 257273 | |
| 583 | |a last modification |c 20000825 00:00:00 |k Rodrigo Vera | ||
| 490 | 0 | |a Biblioteca de Diseño y Artes Visuales, 8 | |
| 999 | |c 290927 |d 290925 | ||
| 952 | |0 0 |1 0 |4 0 |6 791_430000000000000_ARN_1971 |7 0 |8 R |9 340556 |a BIBART |b BIBART |d 2019-11-20 |i 1217518 |o 791.43 ARN 1971 |p 1217518 |r 2025-03-13 |w 2019-11-20 |y BK_R |k ART | ||